000 01942cab a2200241 i 4500
001 768714001
003 CO-MdFUSB
005 20230111083356.0
008 180716s1996 gt ||||| |||| 00| 0 spa d
022 _a1014-9341
040 _aCO-MdFUSB
_bspa
_cCO-MdFUSB
_dCO-MdFUSB
041 _aspa
100 1 _aFeinberg, John S.
_eautor
245 0 0 _aSistemas de discontinuidad (segunda de dos partes)
_c/ Dr. John S. Feinberg
300 _aNúmero 19 (Julio - Diciembre, 1996), páginas 7-34
_c; 22 cm
520 _aSeis conceptos distinguen el dispensacionalismo de los sistemas teológicos que recalcan la continuidad entre los dos Testamentos. La primera parte de este artículo expuso uno de estos conceptos: los dispensacionalistas reconocen múltiples sentidos (étnicos, políticos, espiritual y tipológico) de términos como "judío" y "simiente de Abraham", aun en el Nuevo Testamento. Esta segunda parte explica los otros cinco conceptos. (1) La interpretación neotestamentaria de pasajes del Antiguo Testamento no suprime el significado que esos pasajes tienen en su contexto original. (2) Las promesas de los pactos incondicionales que Dios hizo con Israel en el Antiguo Testamento se cumplirán literalmente para con ese pueblo, aunque también puedan tener un cumplimiento espiritual en la Iglesia. (3) Israel étnico tendrá un futuro distintivo en el reino mesiánico de mil años. (4) La iglesia es un organismo distinto que nació en la era neotestamentaria. (5) La historia no es solamente la historia de la salvación, sino, más aún, la implementación y manifestación gradual del reino Dios.
650 7 _9320
_aTeología bíblica
650 7 _9213
_aEscatología
653 _aDispensacionalismo
773 0 _tKairós
_049489
_961225
_gNúmero 19 (Julio - Diciembre, 1996), páginas 7-34
_qPágina 7
773 0 _049489
_981324
_gNúmero 19 (Julio - Diciembre, 1996), páginas 7-34
_qpáginas 7
_tKairós
942 _cANA
999 _c61427
_d61427